000 00353nam a2200133Ia 4500
008 240624s9999 xx 000 0 und d
041 _aeng
082 _a338.740 SIC
100 _aSICARD GERMAIN
245 _aORIGINS OF CORPORATIONS THE MILLS OF TOU
260 _c2015
_aNew Haven & London
_bYale University Press
300 _a486 p.
365 _c
_b33
999 _c32777
_d32777